| 000 -ლიდერი |
| ფიქსირებული სიგრძის საკონტროლო ველი |
01973nam a2200349Ia 4500 |
| 001 - საკონტროლო ნომერი |
| საკონტროლო ველი |
21140 |
| 003 - საკონტროლო ნომრის იდენტიფიკატორი |
| საკონტროლო ველი |
GE_BSU |
| 005 - ბოლო ოპერაციის თარიღი და დრო |
| საკონტროლო ველი |
20210714175335.0 |
| 008 - ფიქსირებული სიგრძის მონაცემთა ელემენტები - ზოგადი ინფორმაცია |
| ფიქსირებული სიგრძის საკონტროლო ველი |
181216s2015||||ge |||||||||||||| ||geo|| |
| 020 ## - წიგნის საერთაშორისო სტანდარტული ნომერი |
| International Standard Book Number |
9789941218200 |
| 040 ## - კატალოგიზაციის წყარო |
| Transcribing agency |
GE_BSU |
| 041 ## - ენის კოდი |
| Language code of text/sound track or separate title |
geo |
| 080 ## - უნივერსალური ათობითი კლასიფიკაციის ინდექსი |
| Universal Decimal Classification number |
005.9 ნ-47 |
| 100 ## - მთავარი ჩანაწერი - პიროვნების სახელი |
| Personal name |
ნელსონი, ბობ |
| 9 (RLIN) |
12261 |
| 245 ## - ცნობა სათაურის შესახებ |
| Title |
მართვა მარტივად / |
| Statement of responsibility, etc |
ბობ ნელსონი, პიტერ ექონომი ; მთარგმნელი მაია ვასაძე ; რედაქტორი ნატა ენუქიძე ; პროექტის მენეჯერი თინათინ ასათიანი. |
| 264 ## - წარმოების, გამოცემის, დისტრიბუციის და სხვა ცნობები |
| გამოცემის, წარმოების, დისტრიბუციის... ადგილი |
თბილისი : |
| გამოცემის, წარმოების, დისტრიბუციის... სახელწოდება |
პალიტრა L, |
| გამოცემის, წარმოების, დისტრიბუციის... თარიღი |
2015. |
| 300 ## - ფიზიკური აღწერა |
| Extent |
334 გვ. : |
| Other physical details |
ილ. ; |
| Dimensions |
23 სმ. |
| 490 ## - სერიის ცნობა |
| Series statement |
წარმატების ბიბლიოთეკა- ლურჯი ოკეანე |
| 653 ## - INDEX TERM--UNCONTROLLED |
| Uncontrolled term |
ბიზნესი |
| 653 ## - INDEX TERM--UNCONTROLLED |
| Uncontrolled term |
მართვა |
| 653 ## - INDEX TERM--UNCONTROLLED |
| Uncontrolled term |
მენეჯმენტი |
| 653 ## - INDEX TERM--UNCONTROLLED |
| Uncontrolled term |
როგორ გავხდეთ მენეჯერი |
| 653 ## - INDEX TERM--UNCONTROLLED |
| Uncontrolled term |
დავეუფლოთ მენეჯმენტის ძირითად მოვალეობებს |
| 653 ## - INDEX TERM--UNCONTROLLED |
| Uncontrolled term |
ინსტრუმენტები და მეთოდები |
| 653 ## - INDEX TERM--UNCONTROLLED |
| Uncontrolled term |
რთული დრო ძლიერი მენეჯერებისთვის |
| 700 ## - ADDED ENTRY--PERSONAL NAME |
| Personal name |
ექონომი, პიტერ |
| Relator term |
ავტორი |
| 9 (RLIN) |
12262 |
| 700 ## - ADDED ENTRY--PERSONAL NAME |
| Personal name |
ვასაძე, მაია |
| Relator term |
მთარგმნელი |
| 9 (RLIN) |
12263 |
| 700 ## - ADDED ENTRY--PERSONAL NAME |
| Personal name |
ენუქიძე, ნატა |
| Relator term |
მთარგმნელი |
| 9 (RLIN) |
12264 |
| 700 ## - ADDED ENTRY--PERSONAL NAME |
| Personal name |
ასათიანი, თინათინ |
| Relator term |
პროექტის მენეჯერი |
| 9 (RLIN) |
12265 |
| 942 ## - ADDED ENTRY ELEMENTS (KOHA) |
| Koha item type |
წიგნი |
| Source of classification or shelving scheme |
|